00988 a2200169 45000010006000000050017000060080041000230030015000640400040000790800022001192450048001412640047001893000030002365050516002661000018007827000018008002906720260407155600.0260407a1950 arg spa dAR-UNSa-BCEJYS aAR-UNSa-BCEJYSbspacAR-UNSa-BCEJYS a657xContabilidad10aTratado de contabilidad comercial y moderna 1aBuenos Aires :bSelección Contablec1950 a2v.(373 ; 444 p.)c23 cm. aTomo I: 1. Conceptos fundamentales - 2. Historia de las operaciones - 3. Libros de contabilidad - 4. Errores y omisiones - 5. Clasificación de las operaciones - 6. Operaciones a plazos - Tomo II: 7. Operacones bancarias - 8. Operaciones diversas - 9. Importación - 10. Pagos y cobros vencidos y a vencer - 11. Amortizaciones y reservas - 12. Plan general de cuentas del mayor - 13. Balance mensual de resultados - 14. Planillas y estados - 15. El balance general - 16. La preparación del balance general. 1 aSeoane, Jorge1 aRaul, Joaquin